Представление документа в формате MARC21

Поле Инд. ПП Название Значение
Тип записи a
Библиографический уровень a
001 Контрольный номер ad7fe735a92b40a99e6e6b9d2ec9dacf
005 Дата корректировки 20151208123707.2
020 a ISBN 978-5-903927-23-4
040 a Служба первич. каталог. НБ ТвГУ
b Код языка каталог. rus
e Правила каталог. PSBO
041 0_ a Код языка текста rus
097 b Оператор batjaeva_g
100 1_ a Автор Данилин Иван Владимирович
q Полное имя Данилин И. В.
245 10 a Заглавие Новая промышленно-технологическая политика развитых стран: ждет ли нас IV индустриальная революция? (опыт США и ФРГ)
260 a Место издания Москва
b Издательство Идея-Пресс
504 a Библиография Библиогр. в подстроч. примеч.
520 0_ a Аннотация В статье проведен сравнительный анализ содержания и механизмов современной политика США и ФРГ по развитию т. н. передовых производственных технологий. Сделан вывод о переходе всех ведущих стран к более активному стимулированию ППТ как факторы выхода из глобальной рецессии и преодоления структурных и инновационных вызовов, связанных с относительным ослаблением их национальной промышленности. На примере США и ФРГ выявлено конвергентное воздействие ППТ относительно смежных отраслей экономики и на различные группы технологий как базы развития ППТ.
653 0_ a Ключевые слова Передовые производственные технологии
a Ключевые слова Информационные технологии
a Ключевые слова Инновационные системы
a Ключевые слова Стимулирование ППТ
a Ключевые слова Государственная инновационная политика
773 18 w Контрольный № источника b4af36c863064c599b575333bbb4ae52
t Название источника Год планеты: экономика, политика, безопасность
d Место и дата издания Москва : Идея-Пресс, 2014
g Прочая информация Вып. 2014 г. - С. 65-76
901 t Тип документа a
920 a Оператор Батя